000 00550nam a22001937a 4500
999 _c7197
_d7197
003 OSt
005 20210909120547.0
008 210909b ||||| |||| 00| 0 eng d
020 _a0521665787
040 _cDDC
082 _a576.8SEX2002
100 _aHardy,Ian C.W.
_914799
245 _aSex Ratios.
_bConcepts and Research Methods.
_cEdited by Hardy,Ian C.W.
260 _aUSA
_bCambridge University Press
_c2002
300 _axii,424p;
_bill;
_c25cm
504 _aIncludes; references and index.
650 _aBiology
_95602
942 _2ddc
_cO_SHELF